| 000 | 01256nam a2200337 i 4500 | ||
|---|---|---|---|
| 001 | bg | ||
| 100 | 1 |
_aCzerniec, Miron _d(1949- ). |
|
| 245 | 1 | 0 |
_aWytrzymałość stykowo-tarciowa oraz trwałość tribotechnicznych systemów ślizgowych / _cMiron Czerniec ; Politechnika Lubelska. |
| 246 | 1 | 4 | _aWytrzymałość stykowo-tarciowa oraz trwałość systemów tribotechnicznych ślizgowych |
| 260 |
_aLublin : _bWydaw. PL, _c2000. |
||
| 300 |
_a490 s. : _bil. ; _c24 cm. |
||
| 500 | _aTyt. okł.: Wytrzymałość stykowo-tarciowa oraz trwałość systemów tribotechnicznych ślizgowych. | ||
| 504 | _aBibliogr. | ||
| 650 | 9 |
_aCylindry _xmechanika |
|
| 650 | 9 |
_aŁożyska ślizgowe _xmechanika |
|
| 650 | 9 |
_aPowłoki ochronne _xmechanika |
|
| 650 | 9 | _aŚlizganie się (mech.) | |
| 650 | 9 |
_aTrybologia _xzagadnienia |
|
| 650 | 9 |
_aTworzywa konstrukcyjne _xmechanika |
|
| 650 | 9 |
_aWiertarstwo _xurządzenia _xmechanika |
|
| 650 | 9 | _aWytrzymałość materiałów | |
| 655 | _aPodręczniki | ||
| 710 | 0 | _aPolitechnika Lubelska | |
| 020 | _a8388110616 | ||
| 040 | _cBPK | ||
| 041 | 0 | _apl | |
| 080 | _a621.822:621.43:621.95:624.01/.07:620.197:620.17](07) | ||
| 920 | _a83-88110-61-6 | ||
| 942 | _cKS | ||
| 008 | s pl f |000 0 pol | ||
| 999 |
_c38826 _d38826 |
||
| 856 |
_uhttp://koha.tu.koszalin.pl/cgi-bin/koha/opac-detail.pl?biblionumber=38826 _yKatalog online BPK |
||